1626 1617 1980 1645 1634 1314 1111 1934 1121 1051 1051 1906 1976 1263 1109 1054 1567 1059 1667 1316 1011 1799 1032 1740 1238 1088 1200 1794 1317 1506 1501 1163 1231 1614 1928 1198 1562 1061 1729 1748 1592 1256 1831 1968 1105 1575 1033 1675 1961 1162 1219 1827 1357 1375 1688 1051 1960 1071 1356 1939 1512 1068 1252 1810 1032 1101 1332 1033 1815 1774 1531 1782 1133 1280 1893 1952 1732 1950 1765 1196 1732 1049 1225 1753 1491 1542 1352 1513 1177 1975 1012 1474 1948 1728 1184 1509 1222 1980 1641 BCNSPRNW ULIB Ver.6.0+V

เปลี่ยนเป็นภาษาไทย

Change to English
 แสดงรายละเอียดบรรณานุกรม
  กลับหน้าหลัก

Brief Record : Get Marc (ISO 2709) : E-mail record : QR code < ปิดหน้าต่าง
LEADER : 00000nam 2200000uu 4500
001    13399119961
003     ULIB
008    120817s2551||||th 000 0 tha d
020    ^a9789741109845
060 04 ^aWB100^bส253N 2551
245 00 ^aNew knowledge in internal medicine :^bfor better care inthe next decade /^cบรรณาธิการ, สมนึก สังฆานุภาพ, วสันต์ สุเมธกุล
246 13 ^aRamathibodi Clinical Medicine Update 2008 New knowledge ininternal medicine :^bfor better care in the next decade
260    ^aกรุงเทพฯ :^bภาควิชาอายุรศาสตร์คณะแพทยศาสตร์โรงพยาบาลรามาธิบดี มหาวิทยาลัยมหิดล,^c[2551]
300    ^a346 หน้า :^bภาพประกอบ ;^c30 ซม.
500    ^aชื่อเรื่องจากหน้าปกใน: Ramathibodi Clinical MedicineUpdate 2008 New knowledge in internal medicine : for better care in the next decade
650  7 ^aอายุรศาสตร์
700 0  ^aสมนึก สังฆานุภาพ,^eบรรณาธิการ
700 0  ^aวสันต์ สุเมธกุล,^eบรรณาธิการ
710 2  ^aมหาวิทยาลัยมหิดล. ^bคณะแพทยศาสตร์ศิริราชพยาบาล.^bภาควิชาอายุรศาสตร์
945    ^p500^l0^i15103
995    ^aกัณชพร
999 ^a ใช้งานได้ทุกระบบ
รายการนี้ยังไม่มีแท็ก
คุณยังไม่ได้ล็อกอิน คุณสามารถมีกิจกรรมร่วมกับเว็บไซต์ได้ แต่ต้องล็อกอินก่อน ::
  ล็อกอิน

รายการสื่อสารสนเทศ

ลำดับที่ ประเภท เลขเรียก/บาร์โค้ด สถานที่ สถานะ
1. วิทยาศาสตร์การแพทย์ และสุขภาพ
วิทยาศาสตร์การแพทย์ และสุขภาพ
WB100 ส253N 2551  
  Barcode: 15103
ห้องสมุดวิทยาเขตสวรรค์ประชารักษ์
►ส่วนจัดเก็บหนังสือเก่า สปร
บนชั้น
  ขอยืม

รายการใกล้เคียง
    หัวเรื่อง [อายุรศาสตร์]

BibComment


ยังไม่เคยถูกคอมเมนท์

คอมเมนท์ทรัพยากรรายการนี้
  คอมเมนท์: New knowledge in..


 Copyright 2026. Bcnsprnw @Library